Financial management of council homes reviewed (Record no. 73068)
[ view plain ]
| 000 -LEADER | |
|---|---|
| fixed length control field | 00950cam a2200193 4500 |
| 001 - CONTROL NUMBER | |
| control field | WB3927-12 |
| 008 - FIXED-LENGTH DATA ELEMENTS--GENERAL INFORMATION | |
| fixed length control field | 030717n2003 000 0 eng u |
| 035 ## - SYSTEM CONTROL NUMBER | |
| System control number | (Sirsi) u123055 |
| 245 ## - TITLE STATEMENT | |
| Title | Financial management of council homes reviewed |
| 260 ## - PUBLICATION, DISTRIBUTION, ETC. | |
| Date of publication, distribution, etc. | 2003 |
| 490 ## - SERIES STATEMENT | |
| Series statement | ODPM News Release |
| Volume/sequential designation | (2003/0140) 17 July 2003 (2) |
| 520 ## - SUMMARY, ETC. | |
| Summary, etc. | Consultation paper "The allocation of management and maintenance allowances within housing revenue account subsidy" proposes changes to the way councils receive funding from the government to run their housing. It is aimed to improve the fairness and effectiveness of allocation of £3bn of resources. Councils must respond by 15 October 2003. More information is available from t +44 (0)20 7944 4400. http://www.odpm.gov.uk/pns/DisplayPN.cgi?pn_id=2003_0140 |
| 590 ## - LOCAL NOTE (RLIN) | |
| Local note | WB |
| 650 ## - SUBJECT ADDED ENTRY--TOPICAL TERM | |
| Topical term or geographic name entry element | HOUSING FINANCE |
| 650 ## - SUBJECT ADDED ENTRY--TOPICAL TERM | |
| Topical term or geographic name entry element | HOUSING REVENUE ACCOUNTS |
| 650 ## - SUBJECT ADDED ENTRY--TOPICAL TERM | |
| Topical term or geographic name entry element | SOCIAL HOUSING |
| 690 ## - LOCAL SUBJECT ADDED ENTRY--TOPICAL TERM (OCLC, RLIN) | |
| Topical term or geographic name as entry element | HOUSING |
| 942 ## - ADDED ENTRY ELEMENTS (KOHA) | |
| Suppress in OPAC | 0 |
| Withdrawn status | Lost status | Source of classification or shelving scheme | Damaged status | Not for loan | Home library | Current library | Shelving location | Date acquired | Total Checkouts | Full call number | Barcode | Date last seen | Copy number | Price effective from | Koha item type |
|---|---|---|---|---|---|---|---|---|---|---|---|---|---|---|---|
| Dewey Decimal Classification | London | London | News article | 17/07/2003 | WB3927-12 | 123055-1001 | 06/08/2019 | 1 | 06/08/2019 | News article |